000 00470nam a2200157Ia 4500
008 210716s2006 xx 000 0 und d
020 _a9780070600911
041 _aeng
082 _a658.83 COOD
100 _aCooper, Donald R;Schindler, Pamela S.
245 _aMarketing research: concepts and cases.
_bConcepts and cases.
250 _a1
260 _aNew Delhi
_bTata McGraw Hill Publishing Company Ltd
_c2006
300 _axxii,771
650 _aMarketing Research
999 _c201890
_d201890